LEADER 01015nam a2200253 i 4500 001 000000147637 003 CaOOAMICUS 005 20151218000000.0 008 151218s1983 it u000 u ita u 013 $a124873 040 $aSeMil$bita 100 1 $aTedeschi, Rubens.$0(OLS)http://semarc/name/58381 245 10$aInvito all'ascolto di Richard Wagner /$cRubens Tedeschi. 260 $aMilano :$bMursia,$c1983. 300 $a226 p. ;$c18 cm. 490 0 $aInvito all'ascolto ;$v2 600 14$aWagner, Richard <1813-1883>.$0(OLS)http://semarc/subject/6643 700 1 $aWagner, Richard,$d<1813-1883>.$0(OLS)http://semarc/name/8764 830 0$aInvito all'ascolto ;$v2.$0(OLS)http://semarc/title/44561 850 $aSeMil 852 $aSeMil$W1$xVenegono$y1$m3Q I 104$j100179$B100179$CSeMilBibl$Z2$F108772 $81 961 $aOmaggio: Colombo don Alberto 996 $6245$aInvito all'ascolto di Richard Wagner$9(OLS)http://semarc/title/215872 996 $6260$aMilano :$bMursia$9(OLS)http://semarc/publisher/30230 LEADER 00755nam a2200205 i 4500 001 000000206748 003 CaOOAMICUS 005 20260304140138.0 008 111012s1824 it u000 u ita u 013 $a185520 026 $ao.o, o.vi a.e, PiCo (7) 1824 (A) 040 $aSeMil$bita 100 1 $aSalandri, Pellegrino,$d<1723-1771>.$0(OLS)http://semarc/name/11347 245 10$aPoesie profane. 300 $a240 p. 773 0 $aSalandri, Pellegrino <1723-1771>$tPoesie di Pellegrino Salandri reggiano.$dReggio : Pietro Fiaccadori, 1824.$gParte2$w()25564 850 $aSeMil 852 $aSeMil$W1$xVenegono$y1$m1R II 28 FA$j157211$B157211$CSeMilBibl$Z2$F168536 $8I 996 $6245$aPoesie profane$9(OLS)http://semarc/title/298958